000 00712nam a22002417a 4500
003 OSt
008 240120b1998 |||||||| |||| 00| 0 eng d
020 _a8120720490
082 _a365.7095456
_bBED-I
100 _aBedi, Kiran
245 _aIt's always possible :
_btransforming one of the largest prisons in the world /
_cKiran Bedi.
260 _aNew Delhi :
_bSterling Publishers Private Limited ,
_c1998.
300 _axvi, 400 p. ;
650 _aIndia-New Delhi
650 _aTihar Central Jail (New Delhi, India)
650 _aPolicewomen
650 _aIndia
650 _aPrison reformers
650 _aPrison wardens
650 _aPrisons
650 _aPrison administration
942 _2ddc
_cBK
999 _c20139
_d20139